| 000 | | | 02927nac2a22002291x 450 |
| 001 | | | fe3288b5-2fd4-4c13-b504-2a4cff8666ff |
| 005 | | | 20150505160347.0 |
| 100 | ## | $a | 20150213l1917 k y0rusy50 ca |
| 101 | 0# | $a | rus |
| 102 | ## | $a | RU |
| 105 | ## | $a | y z ||||| |
| 122 | 0# | $a | d19170916 |
| 200 | 1# | $a | Докладная записка Петроградского городского головы об отмене смертной казни |
| | $j | 16 сентября 1917 |
| 215 | ## | $a | 2 листа |
| 251 | ## | $c | Дело |
| 300 | ## | $a | Машинописный текст |
| 461 | #0 | $1 | 001RuPRLIB510117752 |
| | $1 | 2001 |
| | $a | КАНЦЕЛЯРИЯ МИНИСТРА-ПРЕДСЕДАТЕЛЯ ВРЕМЕННОГО ПРАВИТЕЛЬСТВА |
| | $1 | 251 |
| | $c | Фонд |
| | $1 | 852 |
| | $j | 1778 |
| 462 | #0 | $1 | 001RuPRLIB510117753 |
| | $1 | 2001 |
| | $a | 1917 г. |
| | $1 | 251 |
| | $c | Опись |
| | $1 | 852 |
| | $j | 1 |
| 601 | 02 | $a | Временное правительство. Канцелярия министра-председателя |
| 801 | #0 | $a | RU |
| | $b | GA_RF |
| 801 | #1 | $a | RU |
| | $b | НПО Опыт |
| | $c | 20150213 |
| | $2 | rusmarc |
| 801 | #2 | $a | RU |
| | $b | ПБ им. Б.Н. Ельцина |
| | $c | 20150505 |
| | $g | RCR |
| | $2 | rusmarc |
| 852 | ## | $a | ГА РФ |
| | $j | 54 |
| 937 | ## | $d | 50680797 |
| | $h | ПБ |
| 035 | ## | $a | RuPRLIB51024163 |